[Event "World Youth & Cadets Blitz Championships"]
[Site "Rhodes, Greece"]
[Date "2022.05.03"]
[Round "6.22"]
[White "Negrean, Andrei"]
[Black "Filindash, Nikita"]
[Result "1-0"]
[TimeControl "5'/game & 2\"/move"]
[WhiteElo "1862"]
[BlackElo "1279"]

1. d4 {[%clk 00:05:02]} {[%emt 00:00:02]} d5 {[%clk 00:05:04]} 2. c4 {[%clk
00:05:03]} {[%emt 00:00:02]} e6 {[%clk 00:05:05]} 3. Nf3 {[%clk 00:05:04]} Nf6
{[%clk 00:05:04]} {[%emt 00:00:03]} 4. g3 {[%clk 00:05:06]} Be7 {[%clk
00:05:05]} {[%emt 00:00:02]} 5. Bg2 {[%clk 00:05:07]} O-O {[%clk 00:05:06]}
{[%emt 00:00:01]} 6. O-O {[%clk 00:05:07]} {[%emt 00:00:03]} dxc4 {[%clk
00:05:07]} 7. Qc2 {[%clk 00:05:02]} {[%emt 00:00:07]} Nc6 {[%clk 00:04:59]}
{[%emt 00:00:10]} 8. Qxc4 {[%clk 00:04:57]} {[%emt 00:00:07]} Bd7 {[%clk
00:04:33]} {[%emt 00:00:29]} 9. Nc3 {[%clk 00:04:53]} {[%emt 00:00:05]} a6
{[%clk 00:04:31]} {[%emt 00:00:05]} 10. Qd3 {[%clk 00:04:38]} {[%emt 00:00:17]}
Nb4 {[%clk 00:04:24]} {[%emt 00:00:09]} 11. Qd1 {[%clk 00:04:37]} {[%emt
00:00:02]} Bc6 {[%clk 00:04:24]} {[%emt 00:00:02]} 12. a3 {[%clk 00:04:29]}
{[%emt 00:00:10]} Nbd5 {[%clk 00:04:25]} 13. Ne5 {[%clk 00:03:49]} {[%emt
00:00:41]} Nxc3 {[%clk 00:03:45]} {[%emt 00:00:43]} 14. Nxc6 {[%clk 00:02:38]}
{[%emt 00:01:13]} Nxd1 {[%clk 00:03:34]} {[%emt 00:00:13]} 15. Nxd8 {[%clk
00:02:38]} {[%emt 00:00:02]} Raxd8 {[%clk 00:03:23]} {[%emt 00:00:13]} 16. Rxd1
{[%clk 00:02:38]} {[%emt 00:00:02]} b6 {[%clk 00:03:13]} {[%emt 00:00:12]} 17.
Bf4 {[%clk 00:02:36]} {[%emt 00:00:03]} Bd6 {[%emt 00:00:26]} 18. Rac1 {[%clk
00:02:33]} Bxf4 {[%clk 00:02:52]} {[%emt 00:00:05]} 19. gxf4 {[%clk 00:02:35]}
Rd7 {[%clk 00:02:51]} {[%emt 00:00:03]} 20. Bc6 {[%clk 00:02:24]} {[%emt
00:00:13]} Re7 {[%clk 00:02:33]} {[%emt 00:00:20]} 21. e3 {[%clk 00:02:15]}
{[%emt 00:00:10]} Rd8 {[%clk 00:02:29]} {[%emt 00:00:07]} 22. Rd2 {[%clk
00:02:05]} {[%emt 00:00:13]} a5 {[%clk 00:01:47]} {[%emt 00:00:44]} 23. Rdc2
{[%clk 00:02:02]} {[%emt 00:00:05]} Rb8 {[%clk 00:01:24]} {[%emt 00:00:24]} 24.
Bf3 {[%clk 00:01:53]} {[%emt 00:00:11]} Ne8 {[%clk 00:01:24]} {[%emt 00:00:02]}
25. Bc6 {[%clk 00:00:38]} {[%emt 00:01:17]} Nd6 {[%clk 00:01:12]} {[%emt
00:00:14]} 26. Ba4 {[%clk 00:00:38]} {[%emt 00:00:02]} b5 {[%clk 00:01:03]}
{[%emt 00:00:11]} 27. Bb3 {[%clk 00:00:37]} {[%emt 00:00:03]} Rb7 {[%clk
00:01:01]} {[%emt 00:00:04]} 28. Rc6 {[%clk 00:00:36]} {[%emt 00:00:02]} Kf8
{[%clk 00:00:49]} {[%emt 00:00:14]} 29. Ra6 {[%clk 00:00:29]} {[%emt 00:00:10]}
a4 {[%clk 00:00:50]} 30. Ba2 {[%clk 00:00:28]} {[%emt 00:00:03]} g6 {[%clk
00:00:43]} {[%emt 00:00:09]} 31. Ra8+ {[%clk 00:00:28]} {[%emt 00:00:02]} Re8
{[%clk 00:00:44]} {[%emt 00:00:01]} 32. Rxe8+ {[%clk 00:00:25]} {[%emt
00:00:06]} Kxe8 {[%clk 00:00:45]} 33. Kf1 {[%clk 00:00:18]} {[%emt 00:00:09]}
Kd7 {[%clk 00:00:42]} {[%emt 00:00:05]} 34. Ke2 {[%clk 00:00:15]} {[%emt
00:00:04]} b4 {[%clk 00:00:37]} {[%emt 00:00:08]} 35. axb4 {[%clk 00:00:12]}
{[%emt 00:00:05]} Rxb4 {[%clk 00:00:37]} {[%emt 00:00:01]} 36. Rc2 {[%clk
00:00:13]} {[%emt 00:00:02]} Nb5 {[%clk 00:00:34]} {[%emt 00:00:05]} 37. Bc4
{[%clk 00:00:11]} {[%emt 00:00:03]} Nd6 {[%clk 00:00:35]} 38. Bd3 {[%clk
00:00:12]} {[%emt 00:00:02]} f5 {[%clk 00:00:33]} {[%emt 00:00:04]} 39. Kd2
{[%clk 00:00:10]} {[%emt 00:00:03]} Rb3 {[%clk 00:00:32]} {[%emt 00:00:03]} 40.
h4 {[%clk 00:00:07]} {[%emt 00:00:05]} a3 {[%clk 00:00:30]} {[%emt 00:00:04]}
41. bxa3 {[%clk 00:00:06]} {[%emt 00:00:03]} Rxa3 {[%clk 00:00:31]} {[%emt
00:00:01]} 42. Rc1 {[%clk 00:00:05]} {[%emt 00:00:04]} Ra2+ {[%clk 00:00:30]}
{[%emt 00:00:03]} 43. Rc2 {[%clk 00:00:04]} {[%emt 00:00:02]} Ra1 {[%clk
00:00:29]} {[%emt 00:00:02]} 44. Ke2 {[%clk 00:00:05]} {[%emt 00:00:02]} Rh1
{[%clk 00:00:30]} {[%emt 00:00:02]} 45. Kf3 {[%clk 00:00:04]} {[%emt 00:00:03]}
Rxh4 {[%clk 00:00:30]} {[%emt 00:00:02]} 46. Bf1 {[%clk 00:00:04]} {[%emt
00:00:01]} Rh6 {[%clk 00:00:27]} {[%emt 00:00:05]} 47. Kg2 {[%clk 00:00:04]}
{[%emt 00:00:02]} Rh5 {[%clk 00:00:27]} {[%emt 00:00:03]} 48. Be2 {[%clk
00:00:04]} Rh6 {[%clk 00:00:28]} 49. f3 {[%clk 00:00:05]} {[%emt 00:00:02]} Nf7
{[%clk 00:00:26]} {[%emt 00:00:03]} 50. Bb5+ {[%clk 00:00:06]} {[%emt
00:00:01]} Kd8 {[%clk 00:00:26]} 51. Ra2 {[%clk 00:00:07]} g5 {[%clk 00:00:24]}
{[%emt 00:00:04]} 52. Ra8+ {[%clk 00:00:08]} Ke7 {[%clk 00:00:25]} 53. fxg5
{[%clk 00:00:07]} {[%emt 00:00:03]} Nxg5 {[%clk 00:00:23]} {[%emt 00:00:04]} 54.
Rc8 {[%clk 00:00:08]} {[%emt 00:00:02]} Rg6 {[%clk 00:00:21]} {[%emt 00:00:04]}
55. Rxc7+ {[%clk 00:00:06]} {[%emt 00:00:04]} Kd8 {[%clk 00:00:22]} 56. Rd7+
{[%clk 00:00:06]} {[%emt 00:00:02]} Kc8 {[%clk 00:00:24]} 57. Kf2 {[%clk
00:00:07]} {[%emt 00:00:02]} h5 {[%clk 00:00:23]} {[%emt 00:00:02]} 58. Re7
{[%clk 00:00:06]} {[%emt 00:00:04]} h4 {[%clk 00:00:23]} {[%emt 00:00:02]} 59.
Re8+ {[%clk 00:00:05]} {[%emt 00:00:03]} Kc7 {[%clk 00:00:23]} {[%emt
00:00:02]} 60. Rh8 {[%clk 00:00:05]} {[%emt 00:00:01]} Nh3+ {[%clk 00:00:21]}
{[%emt 00:00:04]} 61. Ke2 {[%clk 00:00:05]} {[%emt 00:00:02]} Rg2+ {[%clk
00:00:21]} {[%emt 00:00:02]} 62. Kd3 {[%clk 00:00:06]} {[%emt 00:00:01]} Nf2+
{[%clk 00:00:21]} {[%emt 00:00:02]} 63. Kc3 {[%clk 00:00:04]} {[%emt 00:00:03]}
Nd1+ {[%clk 00:00:21]} {[%emt 00:00:03]} 64. Kd3 {[%clk 00:00:05]} {[%emt
00:00:02]} Rh2 {[%clk 00:00:19]} {[%emt 00:00:04]} 65. e4 {[%clk 00:00:04]}
{[%emt 00:00:03]} Nf2+ {[%clk 00:00:17]} {[%emt 00:00:04]} 66. Ke3 {[%clk
00:00:06]} fxe4 {[%clk 00:00:16]} {[%emt 00:00:03]} 67. fxe4 {[%clk 00:00:07]}
{[%emt 00:00:01]} Ng4+ {[%clk 00:00:16]} {[%emt 00:00:02]} 68. Kf4 {[%clk
00:00:07]} {[%emt 00:00:02]} Nf2 {[%clk 00:00:14]} {[%emt 00:00:03]} 69. Ke5
{[%clk 00:00:06]} {[%emt 00:00:04]} h3 {[%clk 00:00:12]} {[%emt 00:00:04]} 70.
Kxe6 {[%clk 00:00:07]} Rg2 {[%clk 00:00:12]} {[%emt 00:00:02]} 71. Bf1 {[%clk
00:00:06]} {[%emt 00:00:03]} Rg1 {[%clk 00:00:05]} {[%emt 00:00:09]} 72. Bxh3
{[%clk 00:00:04]} {[%emt 00:00:04]} Rh1 {[%clk 00:00:05]} {[%emt 00:00:03]} 73.
d5 {[%clk 00:00:04]} {[%emt 00:00:01]} Nxh3 {[%clk 00:00:04]} {[%emt 00:00:03]}
74. d6+ {[%clk 00:00:05]} {[%emt 00:00:01]} Kb7 {[%clk 00:00:04]} {[%emt
00:00:02]} 75. Ke7 {[%clk 00:00:05]} {[%emt 00:00:02]} Nf4 {[%clk 00:00:05]}
{[%emt 00:00:01]} 76. Rxh1 {[%clk 00:00:05]} {[%emt 00:00:02]} 1-0

[Event "World Youth & Cadets Blitz Championships"]
[Site "Rhodes, Greece"]
[Date "2022.05.03"]
[Round "6.23"]
[White "Gibala, Adam"]
[Black "Verbytski, Oleg"]
[Result "1-0"]
[TimeControl "5'/game & 2\"/move"]
[WhiteElo "1501"]
[BlackElo "1756"]

1. d4 {[%clk 00:05:03]} Nf6 {[%clk 00:05:03]} 2. c4 {[%clk 00:05:04]} {[%emt
00:00:03]} g6 {[%clk 00:05:04]} 3. Nc3 {[%clk 00:05:05]} {[%emt 00:00:02]} Bg7
{[%clk 00:05:05]} 4. e4 {[%clk 00:05:07]} {[%emt 00:00:01]} d6 {[%clk
00:05:06]} 5. Be2 {[%clk 00:05:08]} {[%emt 00:00:02]} O-O {[%clk 00:05:06]} 6.
Bg5 {[%clk 00:05:09]} {[%emt 00:00:03]} h6 {[%clk 00:05:07]} 7. Bh4 {[%clk
00:05:10]} {[%emt 00:00:03]} g5 {[%clk 00:05:02]} 8. Bg3 {[%clk 00:05:11]}
{[%emt 00:00:08]} Nc6 {[%clk 00:04:58]} 9. h4 {[%clk 00:05:07]} {[%emt
00:00:12]} g4 {[%clk 00:04:54]} 10. h5 {[%clk 00:05:07]} {[%emt 00:00:08]} e5
{[%clk 00:04:53]} 11. d5 {[%clk 00:05:08]} {[%emt 00:00:03]} Nd4 {[%clk
00:04:53]} 12. f3 {[%clk 00:05:00]} {[%emt 00:00:12]} Nxe2 {[%clk 00:04:40]} 13.
Ngxe2 {[%clk 00:04:58]} {[%emt 00:00:19]} gxf3 {[%clk 00:04:41]} 14. gxf3
{[%clk 00:04:58]} {[%emt 00:00:03]} Nd7 {[%clk 00:04:29]} 15. Bh4 {[%clk
00:04:58]} {[%emt 00:00:16]} f6 {[%clk 00:04:30]} 16. Qd2 {[%clk 00:04:54]}
{[%emt 00:00:07]} Kh8 {[%clk 00:04:25]} 17. Rg1 {[%clk 00:04:49]} {[%emt
00:00:15]} Qe7 {[%clk 00:04:21]} 18. O-O-O {[%clk 00:04:40]} {[%emt 00:00:16]}
Qf7 {[%clk 00:04:20]} 19. Ng3 {[%clk 00:04:40]} {[%emt 00:00:06]} Nc5 {[%clk
00:04:20]} 20. b4 {[%clk 00:04:40]} {[%emt 00:00:04]} Na6 {[%emt 00:00:04]} 21.
a3 {[%clk 00:04:40]} Nb8 {[%clk 00:04:15]} {[%emt 00:00:06]} 22. Nce2 {[%clk
00:04:41]} {[%emt 00:00:01]} a5 {[%clk 00:04:15]} {[%emt 00:00:02]} 23. b5
{[%clk 00:04:42]} Bd7 {[%clk 00:03:50]} {[%emt 00:00:27]} 24. a4 {[%clk
00:04:40]} {[%emt 00:00:04]} b6 {[%clk 00:03:44]} {[%emt 00:00:08]} 25. f4
{[%clk 00:04:40]} Bg4 {[%clk 00:03:37]} {[%emt 00:00:09]} 26. Rdf1 {[%clk
00:04:25]} {[%emt 00:00:18]} Nd7 {[%emt 00:00:08]} 27. Nh1 {[%clk 00:04:16]}
{[%emt 00:00:11]} Bxh5 {[%clk 00:03:29]} {[%emt 00:00:05]} 28. Neg3 {[%clk
00:03:58]} {[%emt 00:00:19]} Bg4 {[%clk 00:03:20]} {[%emt 00:00:11]} 29. Nf2
{[%clk 00:03:54]} {[%emt 00:00:06]} Bh5 {[%clk 00:03:21]} 30. Nf5 {[%clk
00:03:54]} {[%emt 00:00:02]} Bg6 {[%clk 00:03:20]} {[%emt 00:00:03]} 31. Nxg7
{[%clk 00:03:51]} {[%emt 00:00:06]} exf4 {[%clk 00:03:04]} {[%emt 00:00:18]} 32.
Nf5 {[%clk 00:03:46]} {[%emt 00:00:06]} Qh7 {[%clk 00:02:59]} {[%emt 00:00:06]}
33. Qxf4 {[%clk 00:03:44]} {[%emt 00:00:04]} h5 {[%clk 00:03:01]} {[%emt
00:00:02]} 34. Qg3 {[%clk 00:03:24]} {[%emt 00:00:22]} Rg8 {[%clk 00:02:58]}
{[%emt 00:00:04]} 35. Qc3 {[%clk 00:03:24]} {[%emt 00:00:01]} Rgf8 {[%clk
00:02:58]} {[%emt 00:00:03]} 36. Nd3 {[%clk 00:03:24]} {[%emt 00:00:02]} Ne5 37.
Nxe5 {[%clk 00:03:22]} dxe5 {[%clk 00:02:55]} {[%emt 00:00:02]} 38. Qg3 {[%clk
00:03:14]} {[%emt 00:00:10]} Bxf5 {[%clk 00:02:52]} {[%emt 00:00:05]} 39. exf5
{[%clk 00:03:15]} {[%emt 00:00:01]} Qh6+ {[%clk 00:02:50]} {[%emt 00:00:04]} 40.
Kc2 {[%clk 00:03:11]} {[%emt 00:00:06]} Rg8 {[%clk 00:02:47]} {[%emt 00:00:05]}
41. Qf3 {[%clk 00:03:09]} {[%emt 00:00:04]} Qf8 {[%clk 00:02:34]} {[%emt
00:00:16]} 42. Qxh5+ {[%clk 00:03:09]} {[%emt 00:00:02]} Qh6 {[%clk 00:02:33]}
{[%emt 00:00:02]} 43. Qxh6# {[%clk 00:03:09]} {[%emt 00:00:02]} 1-0

[Event "World Youth & Cadets Blitz Championships"]
[Site "Rhodes, Greece"]
[Date "2022.05.03"]
[Round "6.24"]
[White "Pawlicz, Filip"]
[Black "Gabadadze, Gabriel"]
[Result "0-1"]
[TimeControl "5'/game & 2\"/move"]
[WhiteElo "1385"]
[BlackElo "1254"]

1. e4 {[%clk 00:05:02]} {[%emt 00:00:01]} c5 {[%clk 00:05:04]} 2. Nf3 {[%clk
00:05:02]} {[%emt 00:00:02]} e6 {[%clk 00:05:05]} 3. c4 {[%clk 00:05:02]}
{[%emt 00:00:02]} Nc6 {[%clk 00:05:05]} {[%emt 00:00:04]} 4. Nc3 {[%clk
00:04:59]} {[%emt 00:00:04]} Nd4 {[%clk 00:05:05]} {[%emt 00:00:01]} 5. Be2
{[%clk 00:04:53]} {[%emt 00:00:09]} Ne7 {[%clk 00:05:05]} {[%emt 00:00:02]} 6.
O-O {[%clk 00:04:42]} {[%emt 00:00:12]} Nec6 {[%clk 00:05:05]} {[%emt
00:00:02]} 7. Nb5 {[%clk 00:04:31]} {[%emt 00:00:14]} Nxe2+ {[%clk 00:04:38]}
{[%emt 00:00:30]} 8. Qxe2 {[%clk 00:04:30]} {[%emt 00:00:02]} a6 {[%clk
00:04:39]} {[%emt 00:00:01]} 9. Nc3 {[%clk 00:04:29]} {[%emt 00:00:03]} Nd4
{[%clk 00:04:38]} {[%emt 00:00:03]} 10. Qd1 {[%clk 00:04:21]} {[%emt 00:00:10]}
d6 {[%clk 00:04:34]} {[%emt 00:00:07]} 11. d3 {[%clk 00:04:21]} {[%emt
00:00:02]} Be7 {[%clk 00:04:33]} {[%emt 00:00:03]} 12. Be3 {[%clk 00:04:21]}
{[%emt 00:00:02]} Bf6 {[%clk 00:04:27]} {[%emt 00:00:07]} 13. Bxd4 {[%clk
00:04:11]} {[%emt 00:00:13]} cxd4 {[%clk 00:04:28]} {[%emt 00:00:01]} 14. Ne2
{[%clk 00:04:10]} {[%emt 00:00:03]} e5 {[%clk 00:04:24]} {[%emt 00:00:05]} 15.
b4 {[%clk 00:04:04]} {[%emt 00:00:08]} Bg4 {[%clk 00:04:14]} {[%emt 00:00:13]}
16. Nd2 {[%clk 00:04:01]} {[%emt 00:00:04]} O-O {[%clk 00:04:08]} {[%emt
00:00:09]} 17. h3 {[%clk 00:03:58]} {[%emt 00:00:05]} Bd7 {[%clk 00:03:50]}
{[%emt 00:00:19]} 18. f4 {[%clk 00:03:56]} {[%emt 00:00:05]} g6 {[%clk
00:03:42]} {[%emt 00:00:10]} 19. f5 {[%clk 00:03:41]} {[%emt 00:00:17]} Kg7
{[%clk 00:03:39]} {[%emt 00:00:05]} 20. fxg6 {[%clk 00:03:16]} {[%emt
00:00:26]} fxg6 {[%clk 00:03:33]} {[%emt 00:00:08]} 21. Nf3 {[%clk 00:03:04]}
{[%emt 00:00:15]} Bg5 {[%clk 00:03:14]} {[%emt 00:00:21]} 22. Nxg5 {[%clk
00:02:54]} {[%emt 00:00:12]} Qxg5 {[%clk 00:03:12]} {[%emt 00:00:04]} 23. Kh1
{[%clk 00:02:47]} {[%emt 00:00:10]} Qe3 {[%clk 00:02:57]} {[%emt 00:00:17]} 24.
Ng1 {[%clk 00:02:37]} {[%emt 00:00:11]} Rxf1 {[%clk 00:02:50]} {[%emt
00:00:10]} 25. Qxf1 {[%clk 00:02:37]} {[%emt 00:00:02]} Rf8 {[%clk 00:02:49]}
{[%emt 00:00:03]} 26. Qe2 {[%clk 00:02:33]} {[%emt 00:00:07]} Rf2 {[%clk
00:01:43]} {[%emt 00:01:08]} 27. Qxe3 {[%clk 00:02:27]} {[%emt 00:00:08]} dxe3
{[%clk 00:01:43]} {[%emt 00:00:02]} 28. Re1 {[%clk 00:02:28]} {[%emt 00:00:01]}
Rxa2 {[%clk 00:01:38]} {[%emt 00:00:07]} 29. Rxe3 {[%clk 00:02:27]} {[%emt
00:00:02]} Rb2 {[%clk 00:01:35]} {[%emt 00:00:05]} 30. c5 {[%clk 00:02:18]}
{[%emt 00:00:10]} dxc5 {[%clk 00:01:17]} {[%emt 00:00:20]} 31. bxc5 {[%clk
00:02:08]} {[%emt 00:00:11]} Rc2 {[%clk 00:01:10]} {[%emt 00:00:11]} 32. d4
{[%clk 00:02:02]} {[%emt 00:00:08]} exd4 {[%clk 00:00:58]} {[%emt 00:00:14]} 33.
Rd3 {[%clk 00:02:03]} {[%emt 00:00:01]} Rxc5 {[%clk 00:00:46]} {[%emt
00:00:14]} 34. Rxd4 {[%clk 00:02:03]} {[%emt 00:00:02]} Be6 {[%clk 00:00:34]}
{[%emt 00:00:14]} 35. Nf3 {[%clk 00:02:02]} {[%emt 00:00:04]} Rc4 {[%clk
00:00:29]} {[%emt 00:00:06]} 36. Kg1 {[%clk 00:01:28]} {[%emt 00:00:36]} Rxd4
{[%clk 00:00:26]} {[%emt 00:00:06]} 37. Nxd4 {[%clk 00:01:28]} {[%emt
00:00:02]} Kf6 {[%clk 00:00:23]} {[%emt 00:00:04]} 38. Kf2 {[%clk 00:01:29]}
{[%emt 00:00:02]} b5 {[%clk 00:00:21]} {[%emt 00:00:04]} 39. Ke3 {[%emt
00:00:21]} Bc4 {[%clk 00:00:10]} 40. Nc6 {[%clk 00:01:19]} {[%emt 00:00:06]}
Ke6 {[%clk 00:00:08]} {[%emt 00:00:04]} 41. Kd4 {[%clk 00:01:14]} {[%emt
00:00:08]} Bf1 {[%clk 00:00:07]} {[%emt 00:00:03]} 42. Nb4 {[%clk 00:00:53]}
{[%emt 00:00:23]} a5 {[%clk 00:00:08]} {[%emt 00:00:02]} 43. Nc6 {[%clk
00:00:51]} {[%emt 00:00:03]} a4 {[%clk 00:00:08]} {[%emt 00:00:02]} 44. Kc5
{[%clk 00:00:51]} {[%emt 00:00:01]} a3 {[%clk 00:00:05]} {[%emt 00:00:06]} 45.
Nd4+ {[%clk 00:00:34]} {[%emt 00:00:18]} Ke5 {[%clk 00:00:05]} {[%emt
00:00:03]} 46. Nb3 {[%clk 00:00:29]} {[%emt 00:00:05]} Bc4 {[%clk 00:00:04]}
{[%emt 00:00:04]} 47. Na1 {[%clk 00:00:23]} {[%emt 00:00:09]} Kxe4 {[%clk
00:00:04]} {[%emt 00:00:02]} 48. Kb4 {[%clk 00:00:17]} {[%emt 00:00:08]} a2
{[%clk 00:00:05]} 49. Nc2 {[%clk 00:00:11]} {[%emt 00:00:07]} Kd3 {[%clk
00:00:06]} {[%emt 00:00:02]} 50. Na1 {[%clk 00:00:10]} {[%emt 00:00:02]} Kd2
{[%clk 00:00:07]} {[%emt 00:00:03]} 51. g4 {[%clk 00:05:02]} {[%emt 00:00:10]}
0-1

[Event "World Youth & Cadets Blitz Championships"]
[Site "Rhodes, Greece"]
[Date "2022.05.03"]
[Round "6.25"]
[White "Bekmukhanov, Sauran"]
[Black "Hanache, Kai"]
[Result "0-1"]
[TimeControl "5'/game & 2\"/move"]
[WhiteElo "1276"]
[BlackElo "1644"]

1. e4 {[%clk 00:05:03]} e5 {[%clk 00:05:03]} {[%emt 00:00:02]} 2. f4 {[%clk
00:05:03]} {[%emt 00:00:01]} d5 {[%clk 00:05:01]} {[%emt 00:00:05]} 3. Nf3
{[%clk 00:05:04]} dxe4 {[%clk 00:04:58]} {[%emt 00:00:04]} 4. Nxe5 {[%clk
00:05:04]} {[%emt 00:00:02]} Nf6 {[%emt 00:00:02]} 5. Bc4 {[%clk 00:05:03]}
{[%emt 00:00:01]} Be6 {[%clk 00:04:55]} {[%emt 00:00:06]} 6. Bxe6 {[%clk
00:04:59]} {[%emt 00:00:07]} fxe6 {[%clk 00:04:56]} 7. d3 {[%clk 00:04:36]}
{[%emt 00:00:26]} Bc5 {[%clk 00:04:56]} 8. Nc3 {[%clk 00:04:34]} {[%emt
00:00:06]} Qd4 {[%clk 00:04:51]} 9. Qe2 {[%clk 00:04:06]} {[%emt 00:00:37]} e3
{[%emt 00:00:49]} 10. O-O {[%clk 00:03:36]} {[%emt 00:00:03]} O-O {[%clk
00:04:30]} {[%emt 00:00:05]} 11. Rf3 {[%clk 00:03:34]} {[%emt 00:00:04]} Nd5
{[%emt 00:00:33]} 12. Nxd5 {[%clk 00:03:24]} {[%emt 00:00:08]} exd5 {[%clk
00:03:58]} {[%emt 00:00:06]} 13. c3 {[%clk 00:03:08]} {[%emt 00:00:18]} Qa4
{[%clk 00:03:53]} {[%emt 00:00:07]} 14. Bxe3 {[%clk 00:03:04]} {[%emt
00:00:06]} Bxe3+ {[%clk 00:03:49]} {[%emt 00:00:06]} 15. Qxe3 {[%emt 00:00:18]}
Nc6 {[%clk 00:03:34]} {[%emt 00:00:03]} 16. Nxc6 {[%clk 00:02:41]} {[%emt
00:00:22]} Qxc6 {[%clk 00:03:35]} {[%emt 00:00:02]} 17. Re1 {[%clk 00:02:38]}
{[%emt 00:00:06]} Rae8 {[%clk 00:03:32]} {[%emt 00:00:04]} 18. Qd2 {[%clk
00:02:37]} {[%emt 00:00:03]} Rxe1+ {[%clk 00:03:26]} {[%emt 00:00:08]} 19. Qxe1
{[%clk 00:02:38]} {[%emt 00:00:02]} Qb6+ {[%clk 00:03:27]} 20. Qf2 {[%clk
00:02:36]} {[%emt 00:00:03]} Qa6 {[%clk 00:03:09]} {[%emt 00:00:21]} 21. b3
{[%clk 00:02:27]} {[%emt 00:00:10]} c6 {[%clk 00:03:00]} {[%emt 00:00:11]} 22.
Qe2 {[%clk 00:02:12]} {[%emt 00:00:18]} Qb6+ {[%clk 00:02:56]} {[%emt
00:00:06]} 23. Qe3 {[%clk 00:02:04]} {[%emt 00:00:09]} Qxe3+ {[%clk 00:02:54]}
{[%emt 00:00:04]} 24. Rxe3 {[%clk 00:02:01]} {[%emt 00:00:05]} Rxf4 {[%clk
00:02:55]} {[%emt 00:00:02]} 25. Re7 {[%clk 00:02:01]} {[%emt 00:00:01]} Rf7
{[%clk 00:02:55]} {[%emt 00:00:02]} 26. Rxf7 {[%emt 00:00:20]} Kxf7 {[%emt
00:00:02]} 27. Kf2 {[%clk 00:01:40]} {[%emt 00:00:01]} Ke6 {[%clk 00:02:56]} 28.
Ke3 {[%clk 00:01:41]} Ke5 {[%clk 00:02:58]} {[%emt 00:00:03]} 29. d4+ {[%clk
00:01:43]} Kf5 {[%clk 00:02:58]} {[%emt 00:00:04]} 30. Kf3 {[%clk 00:01:41]}
{[%emt 00:00:04]} h5 {[%clk 00:02:56]} {[%emt 00:00:04]} 31. h4 {[%clk
00:01:38]} {[%emt 00:00:04]} g5 {[%clk 00:02:51]} {[%emt 00:00:07]} 32. g3
{[%clk 00:01:32]} {[%emt 00:00:08]} a6 {[%clk 00:02:37]} {[%emt 00:00:17]} 33.
a3 {[%clk 00:01:31]} {[%emt 00:00:02]} b6 {[%clk 00:02:38]} {[%emt 00:00:02]}
34. c4 {[%clk 00:01:18]} {[%emt 00:00:15]} gxh4 {[%clk 00:02:31]} {[%emt
00:00:08]} 35. gxh4 {[%clk 00:01:19]} {[%emt 00:00:02]} dxc4 {[%clk 00:02:13]}
{[%emt 00:00:20]} 36. bxc4 {[%clk 00:01:19]} {[%emt 00:00:01]} c5 {[%clk
00:02:13]} {[%emt 00:00:03]} 37. d5 {[%clk 00:00:48]} {[%emt 00:00:33]} b5
{[%clk 00:02:08]} {[%emt 00:00:06]} 38. d6 {[%clk 00:00:40]} {[%emt 00:00:10]}
Ke6 {[%clk 00:02:08]} {[%emt 00:00:02]} 39. cxb5 {[%clk 00:00:36]} {[%emt
00:00:07]} axb5 {[%clk 00:02:09]} 40. Ke4 {[%clk 00:00:37]} Kxd6 {[%emt
00:00:03]} 41. Kf5 {[%clk 00:00:33]} {[%emt 00:00:04]} c4 {[%clk 00:02:11]}
{[%emt 00:00:01]} 42. Kg5 {[%clk 00:00:33]} {[%emt 00:00:01]} c3 {[%clk
00:02:12]} 43. Kxh5 {[%clk 00:00:33]} {[%emt 00:00:02]} c2 {[%clk 00:02:12]}
{[%emt 00:00:02]} 44. Kg6 {[%clk 00:00:33]} {[%emt 00:00:02]} c1=Q {[%clk
00:02:11]} {[%emt 00:00:03]} 45. h5 {[%clk 00:00:34]} Qxa3 {[%clk 00:02:11]}
{[%emt 00:00:03]} 46. h6 {[%emt 00:00:03]} Qc3 {[%clk 00:02:10]} {[%emt
00:00:02]} 47. Kf7 {[%clk 00:00:32]} {[%emt 00:00:04]} Qh8 {[%clk 00:02:08]}
{[%emt 00:00:03]} 48. Kg6 {[%clk 00:00:31]} {[%emt 00:00:03]} Ke5 {[%emt
00:00:04]} 49. h7 {[%clk 00:00:29]} b4 {[%clk 00:02:09]} {[%emt 00:00:02]} 50.
Kh6 {[%clk 00:00:28]} {[%emt 00:00:03]} b3 {[%clk 00:02:10]} 51. Kg6 {[%clk
00:00:29]} {[%emt 00:00:01]} b2 {[%clk 00:02:12]} {[%emt 00:00:01]} 52. Kh6
{[%clk 00:00:14]} {[%emt 00:00:15]} Kf5 {[%clk 00:02:12]} {[%emt 00:00:02]} 53.
Kh5 {[%clk 00:00:13]} {[%emt 00:00:03]} Qxh7 {[%clk 00:02:10]} 0-1